000 00332nam a22001457a 4500
008 210511b ||||| |||| 00| 0 eng d
020 _a9780324065916
041 _aeng
080 _28th
_a334.7
082 _a334.7
100 _a55
101 _aMF
245 _aContemporary Financial Management
_cMoyer,R.Ch
942 _2udc
_cBK
999 _c57151
_d57151